| 000 | 00924nam a2200241Ia 4500 | ||
|---|---|---|---|
| 001 | 1181 | ||
| 003 | GE_BSU | ||
| 008 | 181216s||||||||xx |||||||||||||| ||und|| | ||
| 040 | _cGE_BSU | ||
| 080 | _a631.8(075.8) | ||
| 100 | _aნაკაიძე ი. | ||
| 245 | _aაგროქიმიური გამოკვლევების მეთოდიკა. | ||
| 245 | _bსახელმძღვანელო სასოფლო სამეურნეო ინსტიტუტის სტუდენტებისათვის. | ||
| 260 | _aთბილისი. | ||
| 260 | _bგანათლება. | ||
| 260 | _c1979. | ||
| 300 | _a493გვ. 20სმ. | ||
| 541 | _h15 ლ. | ||
| 653 | _aაგროქიმია. | ||
| 653 | _aაგროქიმიური გამოკვლევების მეთოდიკა. | ||
| 653 | _aქიმია | ||
| 942 | _cBK | ||
| 999 |
_c35329 _d35329 |
||